000 00679nam a2200253Ia 4500
003 OSt
005 20220918184828.0
006 a|||||r|||| 00| 0
007 ta
008 220917b |||||||| |||| 00| 0 eng d
024 _a48,257
037 _cTextual
040 _aARTS
_cARTS
_beng
041 _2eng
_aeng
082 _aP:3v, M4
100 _aCovington Michael A
_966767
245 0 _aSynatactic theory in the high middle ages
260 _aCambridge
_bCUP
_c1984
300 _aviii,163p.
_ccm.
500 _aBib 150-59p; Appendix 133-35p
650 _aLINGUISTICS
942 _hP:3v, M4
_cTEXL
_2CC
999 _c177927
_d177927